Diagns̤tico y lineamientos tčnicos para los distintos escenarios de la prc̀tica jurd̕ica de los programas de Derecho de las Instituciones

Bibliographic Details
Main Author: Carreǫ Bustamante, Mara̕ Teresa
Other Authors: Molina Betancur, Carlos Mario, Sayas Contreras, Rafaela Ester, Montoya Escobar, Mn̤ica Cecilia, Herreǫ Castellanos, Denisse, Alarcn̤ Palacio, Yadira, ℓlvarez Puerto, Jos ̌Ricardo
Format: eBook
Language:Spanish
Subjects:
Online Access:Acceso restringido

MARC

LEADER 00000nam a22000007a 4500
005 20200602154016.0
007 cr|||| |||
008 200602s2020 co |||||s|||| 00||0 spa d
020 |a 978-958-58070-7-5 
035 |a 31680 
040 |a vLex 
090 |c 10494  |d 10494 
100 1 |a Carreǫ Bustamante, Mara̕ Teresa 
245 1 0 |a Diagns̤tico y lineamientos tčnicos para los distintos escenarios de la prc̀tica jurd̕ica de los programas de Derecho de las Instituciones  |h [Recurso electrn̤ico] /  |c Mara̕ Teresa Carreǫ Bustamante, Carlos Mario Molina Betancur, Rafaela Ester Sayas Contreras, Mn̤ica Cecilia Montoya Escobar, Denisse Herreǫ Castellanos, Yadira Alarcn̤ Palacio, Jos ̌Ricardo ℓlvarez Puerto 
256 |a Servicio en ln̕ea 
300 |a 1 recurso electrn̤ico 
500 |a De Educacin̤ Superior en Colombia. La presente publicacin̤ es un importante esfuerzo realizado por la Asociacin̤ Colombiana de Facultades de Derecho de Colombia -Acofade-, interesada en la calidad del aprendizaje y la enseąnza en tos programas de Derecho. En esta obra el lector encontrar ̀un espacio investigativo dedicado a reflexionar sobre los procesos de formacin̤ actuales y de cm̤o estos pueden alcanzar progresivamente una mayor coherencia entre la teora̕ y la prc̀tica, entre la enseąnza y el ejercicio profesional de los abogados. Este producto es el resultado de la investigacin̤ Diagns̤tico y lineamientas tčnicos para los distintos escenarios de la prc̀tica jurd̕ica de los programas de Derecho de las Instituciones de Educacin̤ Superior en Colombia, investigacin̤ realizada por Acofade y el Ministerio de Justicia y del Derecho, con el cual esperamos aportar a la actual discusin̤ que sobre el tema sostienen las diferentes comunidades acadm̌icas Jurd̕icas del pas̕. 
506 1 |a Disponible solo en los productos indicados  |d vLex Global  |d vLex Global (Academic Edition, excluding Law Schools)  |d vLex Global (U.S. Academic Edition, Law Schools)  |d vLex Global (U.S. Academic Edition, excluding Law Schools)  |d vLex Global (Academic Edition, Law Schools) 
650 0 4 |a Derecho Pb︢lico y Administrativo  |z Colombia 
700 1 |a Molina Betancur, Carlos Mario 
700 1 |a Sayas Contreras, Rafaela Ester 
700 1 |a Montoya Escobar, Mn̤ica Cecilia 
700 1 |a Herreǫ Castellanos, Denisse 
700 1 |a Alarcn̤ Palacio, Yadira 
700 1 |a ℓlvarez Puerto, Jos ̌Ricardo 
740 0 |a vLex Libros (Servicio en ln̕ea) 
856 4 0 |u http://vlex.com/source/diagnostico-y-lineamientos-tecnicos-para-los-distintos-escenarios-de-la-practica-juridica-de-los-programas-de-derecho-de-las-instituciones-de-educacion-superior-en-colombia-31680  |z Acceso restringido 
942 |c BOOK 
999 0 |a Public and Administrative Law